Encyclopedia of computational chemistry. V.5 : T-Z : Index.

Zapisane w:
Opis bibliograficzny
Format: Książka
Język:English
Wydane: Chichester : John Wiley and Sons, 1998.
Hasła przedmiotowe:
Etykiety: Dodaj etykietę
Nie ma etykietki, Dołącz pierwszą etykiete!
Thư viện lưu trữ: Mạng thư viện Đại học Đà Nẵng
LEADER 00891cam a2200325 i 4500
001 000045646
003 4840
005 20030228153706.0
008 010220|1998 vm 000 eng
020 |a 047196588X 
040 |a IRC  |c IRC  |d IRC 
041 0 |a eng 
082 1 4 |a 542.85  |b En-C 
245 0 0 |a Encyclopedia of computational chemistry.  |n V.5 :  |p T-Z : Index. 
260 |a Chichester :  |b John Wiley and Sons,  |c 1998. 
300 |a 5v. (xxix, 3429p.) :  |b ill. (some col.) 
630 0 4 |a Chemistry. 
630 0 4 |a Encyclopedias. 
650 0 4 |a Chemistry  |x Data processing  |v Encyclopedias. 
650 0 4 |a Chemistry  |x Computer simulation  |v Encyclopedias. 
OWN |a DUT 
999 |a From the UDN01 
TYP |a Monograph 
TYP |a Printed language 
980 |a Mạng thư viện Đại học Đà Nẵng